ՀՀ Գիտությունների ազգային ակադեմիայի հիմնարար գիտական գրադարան  =   Fundamental Scientific Library of NAS RA
Normal view MARC view

Entry Personal Name

Number of records used in: 20

001 - CONTROL NUMBER

  • control field: 3018

003 - CONTROL NUMBER IDENTIFIER

  • control field: AM-YEHGA

005 - DATE AND TIME OF LATEST TRANSACTION

  • control field: 20250617070441.0

008 - FIXED-LENGTH DATA ELEMENTS

  • fixed length control field: 060505 a|ac|n|aab||||||||||||a |n|||||||

040 ## - CATALOGING SOURCE

  • Original cataloging agency: AM-YEHGA

100 1# - HEADING--PERSONAL NAME

  • Personal name: Գեղամյան, Գուրգեն Միքայելի,
  • Dates associated with a name: 1930-

400 1# - SEE FROM TRACING--PERSONAL NAME

  • Personal name: Գեղամյան, Գուրգեն,
  • Dates associated with a name: 1930-

400 1# - SEE FROM TRACING--PERSONAL NAME

  • Personal name: Գեղամյան, Գ.Մ.
  • Fuller form of name: (Գուրգեն Միքայելի),
  • Dates associated with a name: 1930-

400 1# - SEE FROM TRACING--PERSONAL NAME

  • Personal name: Գեղամյան, Գ.
  • Fuller form of name: (Գուրգեն),
  • Dates associated with a name: 1930-

400 1# - SEE FROM TRACING--PERSONAL NAME

  • Personal name: Гегамян, Гурген Михайлович,
  • Dates associated with a name: 1930-

400 1# - SEE FROM TRACING--PERSONAL NAME

  • Personal name: Гегамян, Г.М.
  • Fuller form of name: (Гурген Михайлович),
  • Dates associated with a name: 1930-

400 1# - SEE FROM TRACING--PERSONAL NAME

  • Personal name: Geghamyan, Gurgen Mikaeli,
  • Dates associated with a name: 1930-

670 ## - SOURCE DATA FOUND

  • Source citation: Հայկական համառոտ հանրագիտարան, 1990 :
  • Information found: հ. 1 (Գեղամյան Գուրգեն Միքայելի [ծ. 30.5.1930, Խանլար, Ադրբ.], հայ պատմաբան։ Պատմ. գիտ. դ-ր (1979))

670 ## - SOURCE DATA FOUND

  • Source citation: Հայաստանի կոլտնտեսային գյուղացիությունը սոցիալիզմի վերջնական հաղթանակի ժամնակաշրջանում, 1968 :
  • Information found: տիտղթ. (Գ.Մ. Գեղամյան)

670 ## - SOURCE DATA FOUND

  • Source citation: Կոլտնտեսությունը կոմունիզմի դպրոց է գյուղացիության համար, 1963 :
  • Information found: տիտղթ. (Գուրգեն Գեղամյան)

670 ## - SOURCE DATA FOUND

  • Source citation: Полководец Баграмян, 1997 :
  • Information found: т.л. (Отв. ред. Г.М. Гегамян)


ՀՀ ԳԱԱ հիմնարար գիտական գրադարան
ՀՀ,Երևան 0019
Մարշալ Բաղրամյան 24/6
հեռախոս:(374-10) 52-47-50
Հետադարձ կապ

All site content, except where otherwise noted, is licensed under a
Creative Commons License